000 00681nam a22002417a 4500
003 DO-SdBNP
005 20260212122153.0
007 ta
008 210916e2019 a|||d |||| 001 0aspa d
020 _a9789945918298
040 _aDO-SdBNP
_bspa
_cBNPHU
082 4 _a306.8
_bC395r
_222
100 1 _aCena, Liliana
_979928
245 1 _aRecogiendo espigas /
_cLiliana Cena
260 _aSanto Domingo :
_bLibertad,
_c2019.
300 _a141 p. :
_bil. ;
_c20 cm.
590 _aInventariado, 2021 / SA
650 0 _aParejas
_9802
650 0 _aMatrimonio
_9797
650 0 _aRelaciones familiares
_9801
910 _aSaquino/Validado. Control de calidad MFF
942 _2ddc
_cLBS1
999 _c50550
_d50550